| Tag |
First Indicator |
Second Indicator |
Subfields |
| LEADER |
00000cam a2200000 a 4500 |
| 001 |
in00004481908 |
| 005 |
20191203081455.0 |
| 008 |
960910s1997 gw af b 001 0 eng |
| 010 |
|
|
|a 96043589
|
| 020 |
|
|
|a 3540592644 (hbk : acid-free paper)
|
| 035 |
|
|
|a (OCoLC)35586631
|
| 035 |
|
|
|9 AAH1066MS
|
| 035 |
|
|
|z (UtOrBLW)23497
|
| 035 |
|
|
|a 36842
|
| 040 |
|
|
|a DLC
|c DLC
|d UtOrBLW
|
| 049 |
|
|
|a TMVM
|c 1
|
| 050 |
0 |
0 |
|a QL669.2
|b .B74 1997
|
| 082 |
0 |
0 |
|a 597.9/0452652
|2 20
|
| 096 |
|
|
|a QL 669.2
|b B812h 1997
|
| 100 |
1 |
|
|a Bradshaw, S. D.
|q (Sidney Donald)
|
| 245 |
1 |
0 |
|a Homeostasis in desert reptiles /
|c S. Donald Bradshaw.
|
| 264 |
|
1 |
|a Berlin ;
|a New York :
|b Springer Verlag,
|c [1997]
|
| 264 |
|
4 |
|c ©1997
|
| 300 |
|
|
|a xi, 213 pages, (4 pages of plates) :
|b illustrations ;
|c 25 cm.
|
| 336 |
|
|
|a text
|2 rdacontent
|b txt
|
| 337 |
|
|
|a unmediated
|2 rdamedia
|
| 338 |
|
|
|a volume
|2 rdacarrier
|b nc
|
| 490 |
1 |
|
|a Adaptations of desert organisms,
|x 1430-9432
|
| 504 |
|
|
|a Includes bibliographical references (pages [175]-198) and indexes.
|
| 505 |
0 |
|
|a The Osmotic anatomy of the reptiles -- Evidence for homeostasis -- A Comparative account -- Water and electrolytes in reptiles as a group -- Conclusions -- Water and electrolyte homeostasis -- Basic concepts -- The Maintenance of homeostasis -- Regulatory responses -- The Concept of stress -- Effector systems -- Kidney morphology -- Derivation of renal parameters -- Teh Cloacal-colonic complex in reptiles -- The Cephalic salt-secreting glands -- Osmoregulation in crocodiles, alligators and chelonians -- Extent of environmental exchange -- Kidney and cloaca -- Salt-excreting glands -- Desert tortoises -- Osmoregulation in lizards -- Hypernatraemia and hyperkalaemia in lizards -- Studies of the agamid genus amphibolurus (ctenophorus and pogona) in australia.
|
| 505 |
0 |
|
|a The Desert iguana (dipsosaurus dorsalis) in north america -- The Chuckwallas (sauromalus obesus and S. hispidus) -- Two saharan lizards: le fouette-queue (uromastix acanthinurus) and the varanid varanus griseus -- The Mountain or thorny devil (moloch horridus) -- Osmoregulation in snakes -- Conclusions -- Activity and hormonal control of excretory organs -- Avant propos -- The Kidney -- Renal clearances and the handling of water and solutes.
|
| 505 |
0 |
|
|a Neurohypophysial hormones -- Adrenocortical hormones -- Localisation of action of arginine vasotocin in kidney tubules -- The Cloacal-colonic complex -- Cephalic salt-secreting glands -- Conclusion -- Thermal homeostasis -- Generalities -- The Interpretation of field studies -- Physiological mechanisms -- Metabolic characteristics of ectotherms -- Sources of heat production in reptiles -- Thermal hysterisis and changes in dermal vascularity -- Panting and evaporative heat loss -- The Pineal eye and photoperiod -- Hormonal influences on thermoregulation.
|
| 505 |
0 |
|
|a Behavioural mechanisms -- The Neuronal basis for thermoregulation -- Maintenance of thermal homeostasis in the field -- Conclusion.
|
| 650 |
|
2 |
|a Reptiles
|x physiology.
|
| 650 |
|
2 |
|a Adaptation, Physiological.
|
| 650 |
|
2 |
|a Homeostasis.
|
| 650 |
|
2 |
|a Desert Climate.
|
| 830 |
|
0 |
|a Adaptations of desert organisms.
|x 1430-9432
|
| 999 |
|
|
|a MARS
|
| 999 |
f |
f |
|s d3b6e68d-dc13-350c-baef-94f72eda00f3
|i e8acd90d-a261-38e9-853c-6604e883f142
|t 0
|
| 952 |
f |
f |
|p ric
|a Texas A&M University
|b Rellis Campus
|c Joint Library Facility
|d Remote Storage
|t 0
|e QL 669.2 B812h 1997
|h National Library of Medicine classification
|i unmediated -- volume
|m 3238901242584
|
| 998 |
f |
f |
|a QL 669.2 B812h 1997
|t 0
|l Remote Storage
|